Catálogo

APUNTES DE CLIMATOLOGIA. (Registro nro. 8412)

Detalles MARC
000 -LEADER
fixed length control field 00440nam a2200169 a 4500
001 - CONTROL NUMBER
control field 8412
005 - DATE AND TIME OF LATEST TRANSACTION
control field 20180713192337.0
008 - FIXED-LENGTH DATA ELEMENTS--GENERAL INFORMATION
fixed length control field 140415s1978 mx 000 0 spa d
041 ## - LANGUAGE CODE
Language code of text/sound track or separate title spa
082 ## - DEWEY DECIMAL CLASSIFICATION NUMBER
Classification number 551.6
Item number GAR
100 1# - MAIN ENTRY--PERSONAL NAME
Personal name GARCIA DE MIRANDA, ENRIQUETA
245 10 - TITLE STATEMENT
Title APUNTES DE CLIMATOLOGIA.
250 ## - EDITION STATEMENT
Edition statement 2A ED.
260 ## - PUBLICATION, DISTRIBUTION, ETC.
Place of publication, distribution, etc. MEXICO :
Name of publisher, distributor, etc. LARIOS E HIJOS IMPRESORES,
Date of publication, distribution, etc. 1978.
300 ## - PHYSICAL DESCRIPTION
Extent 153.
650 14 - SUBJECT ADDED ENTRY--TOPICAL TERM
Topical term or geographic name entry element CLIMATOLOGIA
Existencias
Withdrawn status Lost status Source of classification or shelving scheme Damaged status Not for loan Collection code Home library Current library Shelving location Date acquired Source of acquisition Inventory number Total Checkouts Full call number Barcode Price effective from Koha item type
    Dewey Decimal Classification     General Biblioteca Karol Wojtyla Biblioteca Karol Wojtyla Sala general 03/12/2013 Compra 151000000000000000000023   551.6 GAR 22140 03/03/2016 Libro